| 000 | 00590nam a22001937i 4500 | ||
|---|---|---|---|
| 999 |
_c23472 _d23472 |
||
| 003 | AR-CdUCM | ||
| 008 | 260121b20242024 pe||||| |||| 00| 0 spa d | ||
| 020 | _a978-612-5013-16-3 | ||
| 040 |
_aMUNICIPALIDAD PROVINCIAL DEL CUSCO _cBIBLIOTECA MUNICIPAL DEL CUSCO |
||
| 041 | _hspa | ||
| 082 |
_22° Edición _aES / 869.35592 / _bM23I |
||
| 100 |
_aMatto de Turner, Clorinda _9719 |
||
| 245 | _aÍndole / | ||
| 260 |
_aLince-Perú : _bEd. Ana Peluffo _c2024 |
||
| 300 |
_a178 páginas. : _c22x14 cm. |
||
| 505 | _aClerofobia y secularidad | ||
| 942 |
_2ddc _cLIBROS |
||
| 945 |
_apbjr _d21-01-2026 |
||